000 00359nam a2200145Ia 4500
008 230917s9999||||xx |||||||||||||| ||und||
040 _e161662
_aMAIN
041 _aEnglish
082 _a338.4791 S75T
100 _aSethi, Praveen
245 0 _aTourism: The next generation
260 _aDelhi
_bAnmol Publications
_c1999
300 _a314 p.
942 _cBK
999 _c130478
_d130478